zpět

Detail výsledku týmu

Barcelounoc - Vinohrady, Praha

Datum a čas kvízu

34.5 Celkem bodů Celkový počet nahraných bodů na tomto kvízu bez doplňovacích otázek.
2. Pořadí na kvízu Konečné umístění týmu na tomto kvízu.

Zaznamenané odpovědi

# Otázka Odpověď Body Výsledky
1. Minulé pondělí došlo k obnoven... Družba 1
2. Bílý dům chtěl po americkém ná... John McCain 1
3. V úterý byly před zlínským Vel... Helena Vondráčková, Jan Hrušínský 0
4. Italsko-americká automobilka F... Renault 1
5. Jak se jmenuje nový trenér fot... Václav Jílek 1
6. Začneme složením vzduchu. Že j... 1C 2A 3D 4B 0
7. Nedaleko jednoho středočeského... Čáslav 1
8. Že má tento přístroj něco spol... anemometr 1
9. Černé soustředné čáry na mapě... hektopascal (hPa) 0
10. Vítr je zjednodušeně řečeno po... meteorismus 0